House of Plantagenet #1 - Statistics

General Stats
  • This quiz has been taken 5 times
  • The average score is 7 of 15
Answer Stats
Hint Answer % Correct
His son whom succeed him and one greatest warrior kings Richard I
100%
His wife who was the duchess of Aquitaine Eleanor
80%
Who was they first king Henry II
80%
He was succeed by his brother John
80%
What is he known as Lionheart
80%
He is known to had to sign this royal charter Magna Carta
80%
What archbishop was murder during his reign Thomas Becket
60%
He was killed by a what Crossbow bolt
40%
Also during his reign they started invaded this country Ireland
40%
The king also own Anjou and Normandy what is they realm called Angevin Empire
20%
He lost is Father realm by this french king Philip II
20%
He is known for this war in his reign Third Crusade
20%
The "empire' ended in this battle Bouvines
0%
This revolt by the Barons is known as First Barons' War
0%
They came in power after this war The Anarchy
0%
No matching quizzes found
Score Distribution
Percent of People with Each Score
Percentile by Number Answered
Your Score History
You have not taken this quiz